| 000 | 008270000a22002170004500 | ||
|---|---|---|---|
| 020 | _a1-58802-122-X | ||
| 082 | 0 | 4 | _aG 230.011 S4111c |
| 100 | 1 | _aSchwarz, John E. (Edward) (1931-) | |
| 245 | 1 | 0 | _aCompendio de la fe cristiana / John Schwarz |
| 260 | _aMiami, USA : Patmos | ||
| 300 | _a320 p. | ||
| 500 | _aTitulo original: The compact Guide to the Christian Faith | ||
| 501 | _aRústico | ||
| 505 | 0 | 0 | _aLa Biblia -- Jesús de Nazaret -- Historia de la iglesia -- doctrinas cristianas -- otras religiones -- oración y evangelismo |
| 650 | 1 | 4 | _aBIBLIA A.T. - TEOLOGIA \ BIBLIA A.T. - TEOLOGIA \ TEOLOGIA BIBLICA \ TEOLOGIA CRISTIANA \ JESUCRISTO \ TEOLOGIA DOGMATICA |
| 001 | 18337 | ||
| 942 | _cBK | ||
| 999 |
_c44785 _d44785 |
||
| 336 |
_atexto _btxt _2rdacontent |
||
| 337 |
_2rdamedia _asin mediación _bn |
||
| 338 |
_2rdacarrier _avolumen _bnc |
||